<?xml version="1.0" encoding="UTF-8"?>
<collection xmlns="http://www.loc.gov/MARC21/slim">
 <record>
  <leader>00327pamaa2200133   4500</leader>
  <controlfield tag="001">0000022196</controlfield>
  <controlfield tag="005">20061030090000.0</controlfield>
  <datafield tag="020" ind1="0" ind2="0">
   <subfield code="a">086819011X </subfield>
  </datafield>
  <datafield tag="090" ind1="0" ind2="0">
   <subfield code="a">PR9619.3 </subfield>
   <subfield code="b">LAW 1978</subfield>
  </datafield>
  <datafield tag="100" ind1="1" ind2="0">
   <subfield code="a">LAWLER </subfield>
  </datafield>
  <datafield tag="245" ind1="1" ind2="0">
   <subfield code="a">Summer of the seventeenth doll  </subfield>
   <subfield code="c">Ray Lawler.</subfield>
  </datafield>
  <datafield tag="260" ind1="0" ind2="0">
   <subfield code="a">Sydney, </subfield>
   <subfield code="c">1978.</subfield>
  </datafield>
  <datafield tag="300" ind1=" " ind2=" ">
   <subfield code="a">xxxx, 96p.; </subfield>
   <subfield code="c">20cm.</subfield>
  </datafield>
  <datafield tag="650" ind1="0" ind2="0">
   <subfield code="a">English drama </subfield>
  </datafield>
 </record>
</collection>
